00402nam a22001457a 450000500170000001000130001702000230003003500130005303700310006608200100009710000260010724500540013326000480018730000210023520190523124117.0 aA-895396 a8170249856c500.00 aA-895396 bAPH Publishing Corporation a923.2 aBakshi, S.R. etc. eds aBansi lal chif minister of haryana /cS.R. Bakshi aNew DelhibAPH Publishing Corporationc1998 a192pc23cm (hbk)